000 00554nam a2200169 i 4500
001 56337
003 ES-MaACL
005 20230906163334.0
007 t|
008 031007s1973 sp ||||1| spa d
100 1 _aDíez García, Daniel.
_944735
245 1 0 _aM. Pilar Izquierdo Albero...
_b: fundadora de la Obra Misionera de Jesús y María /
_cDaniel Díez García.
260 _aSan Sebastián :
_b[s.n.,
_c1973] (
_fIzarra)
300 _a486 p., 8 lám. ;
_c21 cm.
852 _aES-MaACL
_jC-55489
_bR.88118
852 _aES-MaACL
_jC-53444
_bR.86481
999 _c56337
_d56337